000 00418nam a2200169Ia 4500
001 5828
003 IN-NITTTR
005 20251114233013.0
008 251113s9999||||xx |||||||||||||| ||eng||
040 _beng
040 _cIN-NITTTR
041 _aeng
082 _a153 15 A54I
100 _aAtkinson, Richard C.
245 3 _aAn introduction to mathematical learning theory /
_cAtkinson, Richard C.
942 _2ddc
_cBK
999 _c8465
_d8465